|
|
|
|
| LEADER |
00654cam a2200205 a 4500 |
| 001 |
0000051686 |
| 005 |
20010427090000.0 |
| 040 |
|
|
|a mod
|
| 041 |
|
|
|a eng
|
| 020 |
0 |
0 |
|a 0749420847
|
| 090 |
0 |
0 |
|a 658.312404
|b THO
|
| 100 |
1 |
0 |
|a Thorne
|h Kaye
|
| 245 |
1 |
0 |
|a Everything you ever needed to know about training
|c Kaye Thorne; David Mackey
|
| 260 |
0 |
0 |
|a London
|b Kogan Page
|c 1996
|
| 300 |
0 |
0 |
|a vii,216p.
|c 23cm
|
| 650 |
0 |
0 |
|a Employees
|x Training of
|
| 650 |
0 |
0 |
|a Employee trading personnel
|
| 700 |
1 |
1 |
|a mackey,David
|
| 999 |
|
|
|a 0177016
|b PULMAT
|d BOOKS
|e Umum
|f PULMAT
|j AVAILABLE
|q GOOD CONDITION
|
| 999 |
|
|
|a 0181266
|b KD Pelandok
|d BOOKS
|e Umum
|f KD PELANDOK
|j AVAILABLE
|q GOOD CONDITION
|